000 00563nam a2200205Ia 4500
005 20250508152245.0
008 008 250505s9999 xx 000 0 eng d
037 _aTextual
040 _aFEDL
_beng
_cFEDL
041 _aeng
_2eng
084 _a330, KIN
_qFEDL
100 _aKindleberger Charles P.
245 0 _aEconomic development
260 _aNew York, USA
_bThe McGraw-Hill Book Company
_c1958
300 _a325p.
490 _aEconomics Handbook Series
650 _aEconomics
942 _cTEXL
_h330, KIN
999 _c1335335
_d1335335